The brigadier and the golf widow.

Bibliographic Details
Main Author: Cheever, John
Format: Book
Language:English
Published: New York : Harper & Row, [1964]
Edition:[1st ed.].

MARC

Tag First Indicator Second Indicator Subfields
LEADER 00000cam a2200000 4500
001 in00000711921
005 20211230121744.0
008 720412s1964 nyu 00001 eng u
010 |a  64020543  
035 |a (OCoLC)00282383 
035 |9 ADD5815AM 
040 |c WSU  |d TXA  |d UtOrBLW 
049 |a TXAM  |c 1 [903007]  |c 2 [419729]  |c 3 [414703] 
050 0 |a PZ3.C3983  |b Br 
050 4 |a PS3505.H6428 
090 |a PS3505.H6428  |b B75 1964 
100 1 |a Cheever, John. 
245 1 4 |a The brigadier and the golf widow. 
250 |a [1st ed.]. 
264 1 |a New York :  |b Harper & Row,  |c [1964] 
300 |a 275 pages ;  |c 22 cm. 
336 |a text  |b txt  |2 rdacontent 
337 |a unmediated  |b n  |2 rdamedia 
338 |a volume  |b nc  |2 rdacarrier 
500 |a The Cushing Library/Basbanes Collection copy is part of the Nicholas A. Basbanes Collection. 
541 0 |a Donated by Nicholas A. Basbanes  |d 20151124 
948 |a cataloged  |b h  |c 2021/09/01  |d c  |e awday 
999 |a MARS 
999 f f |s da609199-51e7-39b2-aa88-f72f90cc94f2  |i c1ca71fc-0e33-317a-b11a-2e3bcb2634e2  |t 0 
952 f f |p ric  |a Texas A&M University  |b Rellis Campus  |c Joint Library Facility  |s JLF  |d Remote Storage  |t 0  |e PS3505.H6428 B75 1964  |h Library of Congress classification  |i unmediated -- volume  |m A14804210078 
998 f f |a PS3505.H6428 B75 1964  |t 0  |l Remote Storage